Rosario - Choix Multiples - Statistiques

Statistiques générales
  • Ce quiz a été pris 12 fois
  • Le résultat moyen est 6 sur 10
Statistiques - réponses
Question Réponse % Correct
À quelle ville américaine Rosario est-elle comparée par analogie? Chicago
82%
Quelle grande figure révolutionnaire sudaméricaine est née à Rosario? Ernesto "Che" Guevara
82%
Lequel de ces joueurs de football argentins est né à Rosario? Lionel Messi
82%
Dans quelle province argentine se situe Rosario? Sante Fe
73%
Quel club de football est opposé au Rosario Central dans le derby citadin? Newell's Old Boys
64%
Qu'est-ce qui fut qualifié de "Rosariazo" en 1969? Des grèves étudiantes et de travailleurs
45%
À quel évènement fait référence le nom de la place "25 de Mayo", cœur historique de la ville? La révolution de 1810
45%
Qu'est-ce qui est érigé pour la première fois à Rosario en 1812? Le drapeau argentin
45%
Quel fleuve baigne la ville? Le Paraná
45%
Lequel de ces édifices ne se situe pas à Rosario?
18%
Aucun quiz correspondant
Distribution des résultats
% des personnes avec chaque résultat
Percentile par nombre de réponses
Votre historique - résultats
Vous n’avez pas pris ce quiz